La milagrosa imagen de Ntra. Señora del Pueblito. (Record no. 3446)
[ view plain ]
| 000 -CABECERA | |
|---|---|
| campo de control de longitud fija | 00914nam a2200265 a 4500 |
| 001 - NÚMERO DE CONTROL | |
| campo de control | BRCA_3716 |
| 005 - FECHA Y HORA DE LA ÚLTIMA TRANSACCIÓN | |
| campo de control | 20190320204409.0 |
| 008 - DATOS DE LONGITUD FIJA--INFORMACIÓN GENERAL | |
| campo de control de longitud fija | 150909s1962----mx-a---###---#000-0#spa-# |
| 041 ## - CÓDIGO DE LENGUA | |
| Código de lengua del texto/banda sonora o título independiente | spa |
| 044 ## - CÓDIGO DEL PAÍS DE LA ENTIDAD EDITORA/PRODUCTORA | |
| Código MARC del país | mx |
| 050 #4 - SIGNATURA TOPOGRÁFICA DE LA BIBLIOTECA DEL CONGRESO | |
| Número de clasificación | BX1430 |
| Número de documento/Ítem | .A26 1962 |
| 100 1# - ENTRADA PRINCIPAL--NOMBRE DE PERSONA | |
| Nombre de persona | Acosta, Vicente |
| 9 (RLIN) | 9671 |
| 245 10 - MENCIÓN DE TÍTULO | |
| Título | La milagrosa imagen de Ntra. Señora del Pueblito. |
| Mención de responsabilidad, etc. | Vicente Acosta y Cesáreo Munguía. |
| 250 ## - MENCIÓN DE EDICIÓN | |
| Mención de edición | 2 |
| 260 ## - PUBLICACIÓN, DISTRIBUCIÓN, ETC. | |
| Lugar de publicación, distribución, etc. | México |
| Nombre del editor, distribuidor, etc. | Jus |
| Fecha de publicación, distribución, etc. | 1962 |
| 300 ## - DESCRIPCIÓN FÍSICA | |
| Extensión | 113 p. |
| Otras características físicas | il. |
| Dimensiones | 23 cm. |
| 440 #0 - MENCIÓN DE SERIE/PUNTO DE ACCESO ADICIONAL--TÍTULO | |
| Título | Monografías históricas de la diócesis de Querétaro ; Colección primer centenario, 1863-1963 |
| Designación de volumen o secuencia | 2 |
| 9 (RLIN) | 9672 |
| 500 ## - NOTA GENERAL | |
| Nota general | Donación realizada por Pedro Corsi |
| 504 ## - NOTA DE BIBLIOGRAFÍA, ETC. | |
| Nota de bibliografía, etc. | Bibliografía: p. 103-107 |
| 505 0# - NOTA DE CONTENIDO CON FORMATO | |
| Nota de contenido con formato | Contenido: t.1. Compendio histórico de su culto |
| 650 14 - PUNTO DE ACCESO ADICIONAL DE MATERIA--TÉRMINO DE MATERIA | |
| Término de materia o nombre geográfico como elemento de entrada | Nuestra Señora del Pueblito (Santuario) |
| 9 (RLIN) | 9673 |
| 650 14 - PUNTO DE ACCESO ADICIONAL DE MATERIA--TÉRMINO DE MATERIA | |
| Término de materia o nombre geográfico como elemento de entrada | Language file |
| Subdivisión general | Spanish |
| 9 (RLIN) | 9674 |
| 700 1# - PUNTO DE ACCESO ADICIONAL--NOMBRE DE PERSONA | |
| Nombre de persona | Munguía, Cesáreo |
| 9 (RLIN) | 9675 |
| 942 ## - ELEMENTOS DE PUNTO DE ACCESO ADICIONAL (KOHA) | |
| Fuente del sistema de clasificación o colocación | Library of Congress Classification |
| Tipo de ítem Koha | Libros |
| Estado de retiro | Estado de pérdida | Estado dañado | No para préstamo | Localización permanente | Ubicación/localización actual | Fecha de adquisición | Total de préstamos | Signatura topográfica completa | Código de barras | Fecha visto por última vez | Precio válido a partir de | Tipo de ítem Koha |
|---|---|---|---|---|---|---|---|---|---|---|---|---|
| El ejemplar forma parte de la colección y puede ser consultado según las políticas vigentes. | Biblioteca del Museo Franz Mayer (Rogerio Casas-Alatriste) | Biblioteca del Museo Franz Mayer (Rogerio Casas-Alatriste) | 10/09/2009 | BX1430 .A26 1962 | 02041 | 22/03/2019 | 22/03/2019 | Libros |